Missing Word: Alice Cooper A-Z Quiz Stats

 Plays Quiz Updated May 3, 2021

Support Sporcle.
Go Orange.
Score 0/25 Timer 05:00
0 Plays Today
Song Title Missing Word % Correct
No More Mr. Nice ______Guy
94.7%
School's ______Out
92.1%
______ Dollar BabiesBillion
87.3%
______ My WheelsUnder
73%
Only ______ BleedWomen
69%
Welcome to My ______Nightmare
63.5%
The ______ RoomQuiet
63.1%
______ by LoveKilled
58.5%
Department of ______Youth
49%
______ DanceZombie
40.9%
I'm ______Eighteen
36.4%
______ RumoursVicious
35.5%
______ Lament '74Teenage
26.1%
Song Title Missing Word % Correct
____ EthylCold
24%
I Love ______America
21.6%
Hey ______Stoopid
21.6%
Ballad of ______ FryDwight
21.2%
Halo of ______Flies
20.7%
______ of LoveMuscle
20.4%
Hello ______Hooray
20.3%
Generation ______Landslide
16%
______ Animal #9Public
15.6%
Black ______Juju
15.2%
You Look Good in ______Rags
12.6%
Nuclear ______Infected
9.5%

Today's Daily Dose

Missing Word
'W' Pairs

Get the Picture
Blume or Cleary

You're not logged in!

Compare scores with friends on all Sporcle quizzes.
OR
Log In

From the Vault

Likable Song Lyrics

by JoeBeta

We love this quiz like a love song, baby.
Remove Ads.
Support Sporcle.
Get the best of Sporcle when you Go Orange. This ad-free experience offers more features, more stats, and more fun while also helping to support Sporcle. Thank you for becoming a member.

Show Comments

Extras

Top Quizzes Today


Score Distribution

Your Account Isn't Verified!

In order to create a playlist on Sporcle, you need to verify the email address you used during registration. Go to your Sporcle Settings to finish the process.

Report this User

Report this user for behavior that violates our Community Guidelines.

Details: